Cidades Brasileiras por Imagem - Statistics

Estatísticas Gerais
  • Esse quiz foi jogado 95 vezes
  • A pontuação média é 9 de 12
Estatísticas das Respostas
Imagem Resposta % Correto
Rio de Janeiro
100%
Brasília
99%
São Paulo
98%
Curitiba
83%
Salvador
81%
Manaus
70%
Belo Horizonte
64%
Fortaleza
64%
Belém
55%
Recife
54%
Porto Alegre
49%
Goiânia
47%
Nenhum quiz correspondente encontrado
Distribuição das Pontuações
Porcentagem de Pessoas com Cada Pontuação
Percentil de Números Respondidos
Sua Pontuação Histórica
Você não jogou esse quiz